Technology and Construction Court (Record no. 104174)
[ view plain ]
| 000 -LEADER | |
|---|---|
| fixed length control field | 01159cam a2200253 4500 |
| 001 - CONTROL NUMBER | |
| control field | ##L129397 |
| 008 - FIXED-LENGTH DATA ELEMENTS--GENERAL INFORMATION | |
| fixed length control field | 050415n2006 000 0 eng u |
| 020 ## - INTERNATIONAL STANDARD BOOK NUMBER | |
| International Standard Book Number | 0199280045 |
| 035 ## - SYSTEM CONTROL NUMBER | |
| System control number | (Sirsi) u129397 |
| 041 0# - LANGUAGE CODE | |
| Language code of text/sound track or separate title | eng |
| 050 04 - LIBRARY OF CONGRESS CALL NUMBER | |
| Classification number | 690.026 $2 18 |
| 100 1# - MAIN ENTRY--PERSONAL NAME | |
| Personal name | Davis, Michael |
| 245 00 - TITLE STATEMENT | |
| Title | Technology and Construction Court |
| Remainder of title | practice and procedure |
| 260 ## - PUBLICATION, DISTRIBUTION, ETC. | |
| Place of publication, distribution, etc. | Oxford |
| Name of publisher, distributor, etc. | Oxford University Press |
| Date of publication, distribution, etc. | 2006 |
| 300 ## - PHYSICAL DESCRIPTION | |
| Extent | lvii, 567p. |
| Dimensions | 25cm. |
| 350 ## - PRICE (NR) (BK AM CF MU VM SE) [OBSOLETE] | |
| Price | 125 |
| 505 1# - FORMATTED CONTENTS NOTE | |
| Formatted contents note | An introduction to the Technology and Construction Court -- The Civil Procedure Rules -- Pre-action behaviour, the Practice Direction and the Pre-action Protocols -- The Court's case management powers -- Alternative duspute resolution -- Arbitration -- The proceedings -- Adjudication -- Costs |
| 520 ## - SUMMARY, ETC. | |
| Summary, etc. | Offers guidance for law practitioners and others on the background to and procedures of the Technology and Construction Court. Includes tables of cases, tables of legislation and a list of law reports. |
| 590 ## - LOCAL NOTE (RLIN) | |
| Local note | IKA190906 |
| 651 #4 - SUBJECT ADDED ENTRY--GEOGRAPHIC NAME | |
| Geographic name | England and Wales |
| Chronological subdivision | 1543- |
| 690 ## - LOCAL SUBJECT ADDED ENTRY--TOPICAL TERM (OCLC, RLIN) | |
| Topical term or geographic name as entry element | BUILT ENVIRONMENT-CONSTRUCTION MANAGEMENT |
| 700 1# - ADDED ENTRY--PERSONAL NAME | |
| Personal name | Akenhead, Robert |
| 942 ## - ADDED ENTRY ELEMENTS (KOHA) | |
| Suppress in OPAC | 0 |
| Withdrawn status | Lost status | Source of classification or shelving scheme | Damaged status | Not for loan | Home library | Current library | Shelving location | Date acquired | Total Checkouts | Full call number | Barcode | Date last seen | Copy number | Price effective from | Koha item type |
|---|---|---|---|---|---|---|---|---|---|---|---|---|---|---|---|
| Dewey Decimal Classification | London | London | Books | 14/09/2006 | 690.026 DAV | 30073253 | 06/08/2019 | 1 | 06/08/2019 | Reference material |